16 województw w 30 sek - Statystyki

Ogólne statystyki
  • Ten quiz został rozwiązany 356 razy
  • Średni wynik to 8 z 16
Statystyki odpowiedzi
Województwo % Poprawnych
Pomorskie
79%
Mazowieckie
75%
Małopolskie
67%
Śląskie
62%
Wielkopolskie
56%
Zachodniopomorskie
56%
Lubelskie
53%
Lubuskie
53%
Opolskie
53%
Dolnośląskie
51%
Podlaskie
48%
Podkarpackie
47%
Łódzkie
44%
Kujawskopomorskie
41%
Warmińskomazurskie
32%
Świętokrzyskie
29%
Nie znaleziono quizów pasujących do podanych kryteriów
Rozkład punktacji
Procent ludzi z każdym wynikiem
Percentyl według liczby udzielonych odpowiedzi
Twoja historia wyników
Nie rozwiązałeś tego quizu